Visualizzazione normale
Vista MARC
- DRAMMATICO
di Topical Term
Records bibliografici associati: 1
001 - CONTROL NUMBER
- control field: 48675
003 - CONTROL NUMBER IDENTIFIER
- control field: IT-RoPau
005 - DATE AND TIME OF LATEST TRANSACTION
- control field: 20151201212630.0
008 - FIXED-LENGTH DATA ELEMENTS
- fixed length control field: 151201|| aca||aabn | a|a d
040 ## - CATALOGING SOURCE
- Original cataloging agency: IT-RoPau
- Transcribing agency: IT-RoPau
150 ## - HEADING--TOPICAL TERM
- Topical term or geographic name entry element: DRAMMATICO
- : DVD-FILM [DVD]
- General subdivision: Codice MATERIA SPICS: 9947
670 ## - SOURCE DATA FOUND
- Source citation: Work cat.: (IT-RoPau)106775: Gasparini Lodovico Codice regista SPICS: 58540 48673, LOURDES LOURDES (Rif. Codice opera principale : H6448)